South Africa City Quiz - Statistics

General Stats
  • This quiz has been taken 37 times
  • The average score is 6 of 9
Answer Stats
City % Correct
Cape Town
97%
Pretoria
97%
Bloemfontein
94%
Durban
94%
Johannesburg
94%
Port Elizabeth
79%
Pietermaritzburg
33%
Evaton
6%
Soshanguve
6%
No matching quizzes found
Score Distribution
Percent of People with Each Score
Percentile by Number Answered
Your Score History
You have not taken this quiz